Ministry of post and telecommunications

Đã lưu trong:
書目詳細資料
企業作者: Public Relations of Secretarial Division Minister's Secretariat Ministry of Posts and Telecommunications
格式: 圖書
語言:Undetermined
出版: Tokyo Public Relations of Secretarial Division Minister's Secretariat Ministry of Posts and telecommunications 1988
主題:
標簽: 添加標簽
沒有標簽, 成為第一個標記此記錄!
Thư viện lưu trữ: Trung tâm Học liệu Trường Đại học Cần Thơ
LEADER 00743nam a2200181Ia 4500
001 CTU_98261
008 210402s9999 xx 000 0 und d
082 |a 384 
082 |b P984 
110 |a Public Relations of Secretarial Division Minister's Secretariat Ministry of Posts and Telecommunications 
245 0 |a Ministry of post and telecommunications 
245 0 |c Public Relations of Secretarial Division Minister's Secretariat Ministry of Posts and telecommunications 
260 |a Tokyo 
260 |b Public Relations of Secretarial Division Minister's Secretariat Ministry of Posts and telecommunications 
260 |c 1988 
650 |a Communications 
904 |i Hiếu 
980 |a Trung tâm Học liệu Trường Đại học Cần Thơ